|
|
|
|
| LEADER |
01241nam a2200265 a 4500 |
| 001 |
2063 |
| 008 |
130630s1983 si a b 000 0 eng d |
| 010 |
|
|
|a 83942055
|
| 040 |
|
|
|a DLC
|c DLC
|d DLC
|d BD-DhAAL
|
| 082 |
0 |
0 |
|a 658/.022/091724
|2 19
|
| 100 |
1 |
|
|a Schippers, Frits,
|d 1925-
|
| 245 |
1 |
0 |
|a Appropriate management for small and medium sized industries in developing countries /
|c by Frits Schippers ; with a contribution by Herminia R. Fajardo.
|
| 260 |
|
|
|a Singapore :
|b Technonet Asia,
|c 1983.
|
| 300 |
|
|
|a viii, 92 p. :
|b ill. ;
|c 26 cm.
|
| 500 |
|
|
|a In English, with summary in Spanish.
|
| 504 |
|
|
|a Includes bibliography (p. 82-88).
|
| 541 |
|
|
|e 2063
|
| 650 |
|
0 |
|a Small business
|z Developing countries
|x Management.
|
| 650 |
|
0 |
|a Small business
|z Philippines
|x Management
|x Case studies.
|
| 650 |
|
0 |
|a New business enterprises
|z Developing countries
|x Management.
|
| 650 |
|
0 |
|a New business enterprises
|z Philippines
|x Management
|x Case studies.
|
| 700 |
1 |
|
|a Fajardo, Herminia R.,
|d 1929-
|
| 852 |
1 |
|
|a Ayesha Abed Library
|j General shelf.
|
| 999 |
|
|
|c 13642
|d 13642
|
| 952 |
|
|
|0 0
|1 0
|2 ddc
|4 0
|6 658_022091724000000_SCH
|7 0
|9 22838
|a BRACUL
|b BRACUL
|c GEN
|d 2013-06-30
|g 0.00
|l 0
|o 658.022091724 SCH
|p 3010002063
|r 2013-06-30
|t 1
|w 2013-06-30
|y BK
|z Not price in Register
|